Elektromagnetická kompatibilita v pohonnom systéme elektromobilu

Saved in:
Bibliographic Details
Main Author: Lechvár, Ján (Author)
Other Authors: Ferencey, Viktor (Thesis advisor)
Format: Manuscript Book
Language:Slovak
English
Published: 2015
Subjects:
Online Access:http://is.stuba.sk/zp/portal_zp.pl?podrobnosti=111790
Tags: Add Tag
No Tags, Be the first to tag this record!

MARC

LEADER 00000ntm a22000003a 4500
001 stuzp51090
003 SK-STU
005 20160719153742.6
007 ta
008 150427s2015----xo-----f-mn---000-0-slo-d
040 |a STU  |b slo 
041 0 |a eng 
100 1 |a Lechvár, Ján  |u 030400  |4 aut  |U FEI Fakulta elektrotechniky a informatiky  |T FEI Ústav automobilovej mechatroniky  |X 65368  |U E400  |Y 642  |7 65368 
242 0 1 |a Elektromagnetická kompatibilita v pohonnom systéme elektromobilu.  |y slo 
245 1 0 |a Elektromagnetická kompatibilita v pohonnom systéme elektromobilu 
260 |c 2015 
300 |a 97 s.  |b CD-ROM 
650 4 |a EMC  |2 slo 
650 4 |a pohonný systém  |2 slo 
650 4 |a elektromobil  |2 slo 
650 4 |a efektivita tienenia  |2 slo 
650 4 |a shielding effectiveness  |2 eng 
650 4 |a EMC  |2 eng 
650 4 |a propulsion system  |2 eng 
650 4 |a electric vehicle  |2 eng 
700 1 |a Ferencey, Viktor  |4 ths  |X 2209  |7 2209 
856 4 |u http://is.stuba.sk/zp/portal_zp.pl?podrobnosti=111790 
996 |b 284EP11300  |c E*DIPL- 11300  |l EE30  |s P  |a 0  |w stuzp51090_0001 
SQL |a stuzp51090  |b DDP  |c ENG  |d Elektromagnetická kompatibilita v pohonnom systéme elektromobilu.  |e 65368  |f Lechvár, Ján  |g 030400  |h 2209  |i Ferencey, Viktor  |j 20150617  |k 865  |l 03  |m http://is.stuba.sk/zp/portal_zp.pl?podrobnosti=111790  |n I-APM  |o 5.2.16. mechatronika